Soldiers of the American Army, 1775-1954 /

Bibliographic Details
Main Author: Kredel, Fritz, 1900-1973
Other Authors: Todd, Frederick P.
Format: Book
Language:English
Published: Chicago : H. Regnery Co., [1954]
Edition:Rev. ed.
Subjects:

MARC

Tag First Indicator Second Indicator Subfields
LEADER 00000cam a2200000 4500
001 in00000057183
005 20151008051448.0
008 720424s1954 ilu b 00000 eng u
010 |a  54013348  
035 |a (OCoLC)00292096 
035 |9 AAG8050AM 
040 |c AKR  |d TXA  |d UtOrBLW 
049 |a TXAM  |c 1 [242497]  |a TXAS [mil]  |c 2 
050 0 |a UC483  |b .K7 1954 
092 |a 355.14  |b K92s, 1954 
100 1 |a Kredel, Fritz,  |d 1900-1973. 
245 1 0 |a Soldiers of the American Army, 1775-1954 /  |c drawings by Fritz Kredel ; text by Frederick P. Todd. 
250 |a Rev. ed. 
264 1 |a Chicago :  |b H. Regnery Co.,  |c [1954] 
264 4 |c ©1954 
300 |a 1 volume (unpaged) :  |b illustrations ;  |c 32 cm. 
336 |a text  |b txt  |2 rdacontent 
337 |a unmediated  |b n  |2 rdamedia 
338 |a volume  |b nc  |2 rdacarrier 
504 |a Includes bibliography. 
610 1 0 |a United States.  |b Army  |x Uniforms. 
700 1 |a Todd, Frederick P. 
999 |a MARS 
999 f f |s a573d4cc-230b-34fe-9a94-4fc4fd5d2e24  |i 12e517a2-1344-396d-b99b-6f62084feb2e  |t 0 
952 f f |p noncirc  |a Texas A&M University  |b College Station  |c Cushing Memorial Library & Archives  |d Cushing: Ragan Military (Does not check out)  |t 0  |e UC483 .K7 1954  |h Library of Congress classification  |i unmediated -- volume 
952 f f |p ric  |a Texas A&M University  |b Rellis Campus  |c Joint Library Facility  |d Remote Storage  |t 0  |e UC483 .K7 1954  |h Library of Congress classification  |i unmediated -- volume  |m A14800804053 
998 f f |a UC483 .K7 1954  |t 0  |l Cushing: Ragan Military (Does not check out) 
998 f f |a UC483 .K7 1954  |t 0  |l Remote Storage